Billy Corgan (Smashing Pumpkins) Quiz - Statistics

General Stats
  • This quiz has been taken 76 times
    50 since last reset
  • The average score is 10 of 24
Answer Stats
Year Hint Answer % Correct
1995 Smashing Pumpkins LP Mellon Collie and the Infinite Sadness
98%
1993 Smashing Pumpkins LP Siamese Dream
96%
1991 Smashing Pumpkins LP Gish
91%
1998 Smashing Pumpkins LP Adore
85%
1994 Smashing Pumpkins compilation LP Pisces Iscariot
66%
2000 Smashing Pumpkins LP Machina/The Machines of God
64%
1996 Smashing Pumpkins box set The Aeroplane Flies High
55%
2012 Smashing Pumpkins LP Oceania
51%
2007 Smashing Pumpkins LP Zeitgeist
51%
2020 Smashing Pumpkins LP Cyr
49%
2014 Smashing Pumpkins LP Monuments to an Elegy
38%
1987 Pre-Pumpkins band in Florida The Marked
36%
2018 Smashing Pumpkins LP Shiny and Oh So Bright, Vol. 1 / LP: No Past. No Future. No Sun.
34%
1994 VHS release Vieuphoria
34%
1998 Hole LP (contributed to) Celebrity Skin
28%
2003 Zwan LP Mary Star of the Sea
28%
2005 Solo LP TheFutureEmbrace
28%
2004 Poetry book Blinking With Fists
26%
2017 Solo LP Ogilala
21%
1995 This side project covers Joy Division Starchildren
17%
2019 Solo LP Cotillions
15%
2002 Soundtrack Spun
13%
1996 Soundtrack Ransom
11%
1999 Soundtrack Stigmata
11%
No matching quizzes found
Score Distribution
Percent of People with Each Score
Percentile by Number Answered
Your Score History
You have not taken this quiz since the last reset